[Event "First Saturday IM May 2014"]
[Site "Budapest"]
[Date "2014.05.08"]
[Round "6.1"]
[White "Chakravarthi, Y.V.K."]
[Black "Nguyen, Thi Mai Hung"]
[Result "0-1"]
[WhiteElo "2147"]
[BlackElo "2316"]
[PlyCount "120"]
[EventDate "2014.05.03"]

1. d4 d5 2. c4 c6 3. Nf3 Nf6 4. e3 Bf5 5. Nc3 e6 6. Nh4 Bg6 7. Qb3 Qc7 8. g3
Nbd7 9. Nxg6 hxg6 10. cxd5 exd5 11. Bg2 Be7 12. Bd2 Nb6 13. Na4 Nc4 14. Bb4 b5
15. Nc3 Bxb4 16. Qxb4 a5 17. Qb3 O-O 18. Qc2 Qd7 19. O-O Rfe8 20. b3 Nd6 21.
Rac1 Rac8 22. Nd1 Nde4 23. f3 Nd6 24. Re1 Nf5 25. Bh3 Nxd4 26. Bxd7 Nxc2 27.
Bxc8 Nxe1 28. Rxc6 Nxf3+ 29. Kg2 Ne5 30. Rc5 Ne4 31. Rxd5 Rxc8 32. Rxe5 Rc2+
33. Kf3 f5 34. g4 Rd2 35. gxf5 gxf5 36. Rxf5 Nd6 37. Rc5 Rxd1 38. a4 Rd3 39.
axb5 Rxb3 40. b6 a4 41. Ra5 a3 42. Ra7 Kh7 43. Kf4 Nc8 44. Rxa3 Rxb6 45. e4 Ne7
46. Ke5 Ng6+ 47. Kd5 Rb2 48. Rh3+ Kg8 49. Rg3 Nf4+ 50. Ke5 Nh5 51. Rh3 g6 52.
Kd6 Rd2+ 53. Ke7 Re2 54. Rh4 Kg7 55. Ke6 Kh6 56. h3 Re3 57. e5 g5 58. Ra4 Rxh3
59. Kf7 Rf3+ 60. Ke7 Nf4 0-1

[Event "First Saturday IM May 2014"]
[Site "Budapest"]
[Date "2014.05.08"]
[Round "6.3"]
[White "Szalanczy, Emil"]
[Black "Mathe, Gaspar"]
[Result "1/2-1/2"]
[WhiteElo "2266"]
[BlackElo "2352"]
[PlyCount "80"]
[EventDate "2014.05.03"]

1. e4 e5 2. Nf3 Nc6 3. Bb5 Nge7 4. d4 exd4 5. Nxd4 g6 6. Nc3 Bg7 7. Be3 a6 8.
Nxc6 Nxc6 9. Bxc6 dxc6 10. Qxd8+ Kxd8 11. O-O-O+ Bd7 12. Bd4 Bxd4 13. Rxd4 Ke7
14. h4 h6 15. Kd2 Be6 16. Ke3 Rad8 17. Rhd1 Rxd4 18. Rxd4 g5 19. e5 f6 20.
exf6+ Kxf6 21. g3 b6 22. b4 Ra8 23. a4 a5 24. b5 cxb5 25. Nxb5 Rc8 26. hxg5+
hxg5 27. f3 Bf7 28. Rd7 Be8 29. Rd3 Bxb5 30. axb5 Re8+ 31. Kd2 Re5 32. c4 Ke6
33. Rd8 Rf5 34. Ke3 Re5+ 35. Kd4 Rf5 36. Re8+ Kd6 37. Ke4 Rc5 38. Kd4 Rf5 39.
Ke4 Rc5 40. Kd4 Rf5 1/2-1/2

[Event "First Saturday IM May 2014"]
[Site "Budapest"]
[Date "2014.05.08"]
[Round "6.4"]
[White "Farkas, Richard"]
[Black "Atabayev, Saparmyrat"]
[Result "1-0"]
[WhiteElo "2260"]
[BlackElo "2273"]
[PlyCount "109"]
[EventDate "2014.05.03"]

1. e4 c5 2. Nf3 d6 3. d4 cxd4 4. Qxd4 a6 5. h3 Nc6 6. Qe3 g6 7. Be2 Bg7 8. c4
Nf6 9. O-O O-O 10. Nc3 Nd7 11. Rb1 a5 12. b3 Nc5 13. Bb2 f5 14. exf5 Bxf5 15.
Rbd1 Qd7 16. Rd2 Qe6 17. Qxe6+ Nxe6 18. g4 Bxc3 19. Bxc3 Be4 20. Ne1 Nf4 21. f3
Bb1 22. Rb2 g5 23. Kh2 Bg6 24. Rf2 e5 25. Rd2 Rfd8 26. Bd3 Nxd3 27. Nxd3 Rab8
28. Nb2 Bf7 29. Rd1 Kf8 30. Bd2 h6 31. h4 Kg7 32. hxg5 h5 33. Be3 b5 34. Rfd2
bxc4 35. Nxc4 hxg4 36. fxg4 Bxc4 37. bxc4 Rb4 38. Rxd6 Rxd6 39. Rxd6 Rxc4 40.
Kg3 Rc3 41. Kf3 Rc4 42. g6 Nb4 43. Bg5 e4+ 44. Kg3 Rc8 45. Bf4 Re8 46. Be3 Nc2
47. Kf2 Rf8+ 48. Ke2 Rh8 49. Bf4 Re8 50. Bd2 Nb4 51. Bc3+ Kh6 52. g7+ Kh7 53.
g5 Nxa2 54. Rh6+ Kg8 55. Rh8+ 1-0

[Event "First Saturday IM May 2014"]
[Site "Budapest"]
[Date "2014.05.08"]
[Round "6.5"]
[White "Al-Ali, Hussein Ali Hussein"]
[Black "Szeberenyi, Adam"]
[Result "1/2-1/2"]
[WhiteElo "2259"]
[BlackElo "2332"]
[PlyCount "51"]
[EventDate "2014.05.03"]

1. e4 c5 2. Nf3 d6 3. c3 Nf6 4. Be2 Nbd7 5. d3 b6 6. Nbd2 Bb7 7. O-O g6 8. d4
cxd4 9. cxd4 Nxe4 10. Nxe4 Bxe4 11. Ng5 Bb7 12. Bc4 d5 13. Qf3 f5 14. Bxd5 Ne5
15. Bf7+ Nxf7 16. Qxb7 Nxg5 17. Bxg5 h6 18. Bf6 Rh7 19. Rfe1 Kf7 20. Be5 Kg8
21. Rac1 e6 22. Qc6 Qd5 23. Qxd5 exd5 24. Rc6 g5 25. Rg6+ Kf7 26. Rc6 1/2-1/2

[Event "First Saturday IM May 2014"]
[Site "Budapest"]
[Date "2014.05.08"]
[Round "6.6"]
[White "Annageldyev, Orazly"]
[Black "Fang, Yuxiang"]
[Result "1/2-1/2"]
[WhiteElo "2374"]
[BlackElo "2348"]
[PlyCount "92"]
[EventDate "2014.05.03"]

1. Nf3 d5 2. d4 Nf6 3. Bg5 Ne4 4. Bh4 c6 5. e3 Bf5 6. Be2 Qb6 7. Qc1 e6 8. O-O
Nd7 9. c4 dxc4 10. Nbd2 Nd6 11. Ne5 Nxe5 12. dxe5 Nc8 13. Nxc4 Qc7 14. Rd1 Be7
15. Bxe7 Qxe7 16. Rd4 O-O 17. Qd2 Nb6 18. Nd6 Bg6 19. e4 f6 20. exf6 Qxf6 21.
f3 Rad8 22. Rd1 Rd7 23. Qe3 e5 24. R4d2 Bf7 25. Qa3 Rfd8 26. Rd3 Ra8 27. Nxf7
Rxd3 28. Rxd3 Qxf7 29. Bd1 Qf8 30. Qc3 Qe7 31. a4 Kf8 32. a5 Nd7 33. b4 a6 34.
Bb3 Nf6 35. Qc4 g6 36. Rd6 Kg7 37. Qd3 Nd5 38. Rxd5 cxd5 39. Qxd5 Rd8 40. Qc4
Qd7 41. Kf1 Rc8 42. Qd5 Qc7 43. Kf2 Qe7 44. Qd2 Qc7 45. Ke3 Qe7 46. h4 Rf8
1/2-1/2

[Event "First Saturday IM May 2014"]
[Site "Budapest"]
[Date "2014.05.09"]
[Round "7.1"]
[White "Fang, Yuxiang"]
[Black "Chakravarthi, Y.V.K."]
[Result "1-0"]
[WhiteElo "2348"]
[BlackElo "2147"]
[PlyCount "53"]
[EventDate "2014.05.03"]

1. d4 d5 2. c4 c6 3. Nc3 Nf6 4. Nf3 a6 5. a4 g6 6. Bf4 Bg7 7. e3 O-O 8. Qb3 a5
9. Be2 Na6 10. cxd5 cxd5 11. O-O Nb4 12. Nb5 Bf5 13. Bc7 Qd7 14. Ne5 Qe6 15.
Bxa5 Nc2 16. Nc7 Nxa1 17. Rxa1 Qc8 18. Nxa8 Qxa8 19. Bb4 Qd8 20. Qa3 Re8 21.
Bb5 Nd7 22. Nd3 Bf8 23. h3 Qb6 24. Nf4 Rc8 25. Nxd5 Qe6 26. Bxd7 Qxd7 27. Nb6
1-0

[Event "First Saturday IM May 2014"]
[Site "Budapest"]
[Date "2014.05.09"]
[Round "7.2"]
[White "Szeberenyi, Adam"]
[Black "Annageldyev, Orazly"]
[Result "0-1"]
[WhiteElo "2332"]
[BlackElo "2374"]
[PlyCount "98"]
[EventDate "2014.05.03"]

1. d4 Nf6 2. c4 e6 3. Nf3 b6 4. a3 Bb7 5. Nc3 g6 6. Qd3 Bg7 7. e4 d5 8. exd5
O-O 9. dxe6 Re8 10. Be2 Rxe6 11. d5 Re8 12. O-O Nbd7 13. Be3 Qe7 14. Rfe1 Ng4
15. Bf1 Nde5 16. Nxe5 Qxe5 17. g3 Qh5 18. Bg2 Qxh2+ 19. Kf1 Bc8 20. Bd4 Bf5 21.
Ne4 Ne5 22. Bxe5 Rxe5 23. g4 Bxg4 24. d6 Rd8 25. Re3 cxd6 26. Rg3 Bf5 27. Re1
Rde8 28. Qxd6 Bxe4 29. Rxe4 Rxe4 30. Bxe4 Qh4 31. Bd5 Qe7 32. Qxe7 Rxe7 33. b4
Be5 34. Re3 Kf8 35. c5 bxc5 36. bxc5 Bd4 37. Rxe7 Kxe7 38. c6 Bb6 39. Kg2 f5
40. f4 Kf6 41. a4 h6 42. Bc4 g5 43. fxg5+ hxg5 44. Be2 g4 45. Bd1 Kg5 46. Be2
f4 47. Bd1 f3+ 48. Kg3 Bc7+ 49. Kf2 Kf4 0-1

[Event "First Saturday IM May 2014"]
[Site "Budapest"]
[Date "2014.05.09"]
[Round "7.3"]
[White "Atabayev, Saparmyrat"]
[Black "Al-Ali, Hussein Ali Hussein"]
[Result "1-0"]
[WhiteElo "2273"]
[BlackElo "2259"]
[PlyCount "135"]
[EventDate "2014.05.03"]

1. e4 e5 2. Nf3 Nc6 3. Bb5 a6 4. Ba4 Nf6 5. O-O Be7 6. Re1 b5 7. Bb3 d6 8. c3
O-O 9. h3 Re8 10. Ng5 Rf8 11. d4 h6 12. Nf3 Re8 13. a4 Bb7 14. axb5 axb5 15.
Rxa8 Bxa8 16. Na3 Qb8 17. Ba2 b4 18. Nc4 bxc3 19. bxc3 Bf8 20. d5 Nd8 21. Ba3
Qa7 22. Bb1 Nb7 23. Re2 Nc5 24. Bb4 Ncd7 25. Ra2 Qb8 26. Na5 Nb6 27. Qe2 Qc8
28. Nd2 g6 29. Bd3 Bg7 30. Bb5 Rf8 31. c4 Nh5 32. Qf1 Nf4 33. Nc6 Kh7 34. c5
Nbxd5 35. exd5 Nxd5 36. Qc4 Qe6 37. Ba3 Nc3 38. Qxc3 Bxc6 39. Bc4 d5 40. Bb3 e4
41. Qb4 Ra8 42. Nf1 Qc8 43. Qd2 Qb7 44. Qd1 f5 45. Bc1 Rxa2 46. Bxa2 d4 47. Qc2
Bd5 48. Bxd5 Qxd5 49. Bf4 c6 50. h4 Bf8 51. Qc1 h5 52. Qb2 Bxc5 53. Qb7+ Kg8
54. Bh6 Qf7 55. Qxc6 Be7 56. g3 Kh7 57. Bf4 Bf6 58. Nd2 Bg7 59. Nc4 d3 60. Kg2
Qf6 61. Qc7 Kg8 62. Nd6 Qe6 63. Qd8+ Kh7 64. Ne8 Be5 65. Bg5 f4 66. Nf6+ Bxf6
67. Bxf6 f3+ 68. Kh2 1-0

[Event "First Saturday IM May 2014"]
[Site "Budapest"]
[Date "2014.05.09"]
[Round "7.4"]
[White "Mathe, Gaspar"]
[Black "Farkas, Richard"]
[Result "1/2-1/2"]
[WhiteElo "2352"]
[BlackElo "2260"]
[PlyCount "27"]
[EventDate "2014.05.03"]

1. e4 e6 2. d4 d5 3. Nc3 Bb4 4. exd5 exd5 5. Bd3 c6 6. h3 Ne7 7. Qf3 Ng6 8.
Nge2 O-O 9. g3 Nd7 10. h4 Nf6 11. h5 Bg4 12. Qg2 Ne7 13. Bg5 Ne8 14. f3 1/2-1/2

[Event "First Saturday IM May 2014"]
[Site "Budapest"]
[Date "2014.05.09"]
[Round "7.5"]
[White "Keschitz, Gyorgy"]
[Black "Szalanczy, Emil"]
[Result "0-1"]
[WhiteElo "2280"]
[BlackElo "2266"]
[PlyCount "80"]
[EventDate "2014.05.03"]

1. d4 c5 2. c3 Nf6 3. Nf3 b6 4. Bf4 Bb7 5. e3 g6 6. a4 Bg7 7. a5 O-O 8. Nbd2 d6
9. h3 Nc6 10. Nc4 b5 11. a6 Bc8 12. Na3 b4 13. cxb4 Nxb4 14. dxc5 Nfd5 15. Qd2
Qa5 16. Bc4 Nxf4 17. exf4 Bxb2 18. Ra2 Nxa2 19. Qxa5 Bc3+ 20. Qxc3 Nxc3 21.
cxd6 exd6 22. O-O Be6 23. Bd3 Rfc8 24. Nd4 Rab8 25. Ra1 Rc5 26. g4 Bd5 27. Re1
Kf8 28. Kh2 Rb2 29. Nac2 Bc4 30. Bxc4 Rxc4 31. f5 Nd5 32. fxg6 hxg6 33. Rd1 Nf4
34. Kg3 g5 35. h4 f6 36. h5 d5 37. Re1 Rcxc2 38. Nxc2 Rxc2 39. h6 Rc3+ 40. Re3
d4 0-1

[Event "First Saturday IM May 2014"]
[Site "Budapest"]
[Date "2014.05.10"]
[Round "8.2"]
[White "Szalanczy, Emil"]
[Black "Nguyen, Thi Mai Hung"]
[Result "0-1"]
[WhiteElo "2266"]
[BlackElo "2316"]
[PlyCount "120"]
[EventDate "2014.05.03"]

1. e4 e6 2. d4 d5 3. Nc3 Nf6 4. e5 Nfd7 5. f4 c5 6. Nf3 Nc6 7. Be3 Be7 8. Qd2
O-O 9. Be2 a6 10. O-O b5 11. a3 Qb6 12. Kh1 Bb7 13. Rad1 Rac8 14. Qe1 cxd4 15.
Nxd4 Bc5 16. Nxc6 Qxc6 17. Bd4 f6 18. exf6 Bxd4 19. f7+ Rxf7 20. Rxd4 Qb6 21.
Qd2 Rcf8 22. Rf3 Nb8 23. b4 Nc6 24. Rdd3 Ne7 25. h3 Ng6 26. Rd4 Nh4 27. Rfd3
Nf5 28. Bg4 Nxd4 29. Rxd4 Rf6 30. Ne2 Qc7 31. Qe3 Kh8 32. c3 Re8 33. Bf3 Rff8
34. Qd3 e5 35. fxe5 Qxe5 36. Rh4 h6 37. Rh5 Qe3 38. Qxe3 Rxe3 39. Bg4 Kh7 40.
Nd4 g6 41. Rh4 Rf4 42. Kh2 h5 43. Nf3 Kg7 44. Bc8 Rxh4 45. Bxb7 Rc4 46. Bxa6
Rcxc3 47. Bxb5 Rxa3 48. Bc6 Red3 49. b5 Rab3 50. Ne5 Rd2 51. Nd7 Rbb2 52. Kg3
g5 53. h4 Rb3+ 54. Kh2 gxh4 55. Nc5 Rg3 56. Ne6+ Kf6 57. Nf4 Ke5 58. Nxh5
Rgxg2+ 59. Kh3 Kf5 60. Kxh4 Rh2+ 0-1

[Event "First Saturday IM May 2014"]
[Site "Budapest"]
[Date "2014.05.10"]
[Round "8.3"]
[White "Farkas, Richard"]
[Black "Keschitz, Gyorgy"]
[Result "1-0"]
[WhiteElo "2260"]
[BlackElo "2280"]
[PlyCount "65"]
[EventDate "2014.05.03"]

1. e4 e6 2. d4 d5 3. exd5 exd5 4. Nf3 Bd6 5. c4 c6 6. Nc3 Ne7 7. Bd3 dxc4 8.
Bxc4 O-O 9. O-O Nd7 10. Qc2 Nb6 11. Bd3 h6 12. Ne5 Bc7 13. Rd1 Kh8 14. Be4 Be6
15. Qe2 Nbd5 16. Bb1 Nf6 17. g4 g5 18. h4 Rg8 19. hxg5 hxg5 20. f3 Rg7 21. Qh2+
Kg8 22. Qh6 Nfd5 23. Ne4 Bxe5 24. dxe5 Qb6+ 25. Kg2 Ne3+ 26. Bxe3 Qxe3 27. Nf6+
Kf8 28. Qh8+ Ng8 29. Be4 Rg6 30. Nh7+ Ke7 31. Bxg6 fxg6 32. Qg7+ Ke8 33. Qf8#
1-0

[Event "First Saturday IM May 2014"]
[Site "Budapest"]
[Date "2014.05.10"]
[Round "8.4"]
[White "Al-Ali, Hussein Ali Hussein"]
[Black "Mathe, Gaspar"]
[Result "1/2-1/2"]
[WhiteElo "2259"]
[BlackElo "2352"]
[PlyCount "50"]
[EventDate "2014.05.03"]

1. e4 b6 2. d4 Bb7 3. Nd2 g6 4. Ngf3 Bg7 5. Bd3 e6 6. O-O d6 7. Re1 h5 8. d5 e5
9. a4 a5 10. Bb5+ Nd7 11. Nf1 Ne7 12. Ng5 O-O 13. Ra3 Nf6 14. Rd3 Nh7 15. g4
Nxg5 16. Bxg5 f6 17. Bc1 hxg4 18. Qxg4 f5 19. exf5 gxf5 20. Qh5 f4 21. Nd2 Rf6
22. Ne4 Rh6 23. Qd1 Nf5 24. h3 Bc8 25. Rc3 Nd4 1/2-1/2

[Event "First Saturday IM May 2014"]
[Site "Budapest"]
[Date "2014.05.10"]
[Round "8.5"]
[White "Annageldyev, Orazly"]
[Black "Atabayev, Saparmyrat"]
[Result "1/2-1/2"]
[WhiteElo "2374"]
[BlackElo "2273"]
[PlyCount "145"]
[EventDate "2014.05.03"]

1. Nf3 Nf6 2. d4 e6 3. e3 Be7 4. Bd3 O-O 5. O-O c5 6. c4 Nc6 7. Nc3 cxd4 8.
exd4 d5 9. Re1 Nb4 10. Bf1 dxc4 11. Bxc4 b6 12. a3 Nbd5 13. Ne5 Bb7 14. Qf3 Rb8
15. Qh3 Ne8 16. Bd3 f5 17. Bb5 Ndf6 18. Nc6 Bxc6 19. Bxc6 Qxd4 20. Rxe6 Bc5 21.
Be3 Qc4 22. Qxf5 Nd6 23. Bd5 Nxd5 24. Qxd5 Qxd5 25. Nxd5 Nc4 26. b4 Nxe3 27.
Nxe3 Bxe3 28. fxe3 Rbc8 29. Re7 Rf7 30. Rxf7 Kxf7 31. Rd1 Ke6 32. Rd3 Rc2 33.
h4 Ra2 34. Kh2 a5 35. bxa5 bxa5 36. Kg3 g6 37. Kf3 h6 38. g3 Ke5 39. Rc3 Kd5
40. Rd3+ Ke5 41. Rb3 Kf6 42. Ke4 a4 43. Rc3 Rg2 44. Rc6+ Kf7 45. Rc4 Rxg3 46.
Kd3 Ke6 47. Rxa4 Rg1 48. Ke2 Rh1 49. Kf3 Rf1+ 50. Ke4 Rh1 51. Ra6+ Kf7 52. Ke5
Rxh4 53. Ra7+ Ke8 54. e4 Kd8 55. a4 Kc8 56. Kd5 Rh1 57. e5 Rd1+ 58. Ke6 g5 59.
Ra8+ Kb7 60. Rh8 Rh1 61. Kd6 g4 62. e6 Rd1+ 63. Ke5 Re1+ 64. Kf6 Rf1+ 65. Ke5
Re1+ 66. Kf5 g3 67. Rg8 Re3 68. Rg6 h5 69. Kf4 Re1 70. Kf3 h4 71. Rh6 Rf1+ 72.
Kg2 Rf2+ 73. Kg1 1/2-1/2

[Event "First Saturday IM May 2014"]
[Site "Budapest"]
[Date "2014.05.10"]
[Round "8.6"]
[White "Fang, Yuxiang"]
[Black "Szeberenyi, Adam"]
[Result "1/2-1/2"]
[WhiteElo "2348"]
[BlackElo "2332"]
[PlyCount "114"]
[EventDate "2014.05.03"]

1. d4 Nf6 2. Nf3 e6 3. c4 Bb4+ 4. Bd2 c5 5. Bxb4 cxb4 6. g3 O-O 7. Bg2 d6 8.
O-O Re8 9. a3 bxa3 10. Rxa3 Nc6 11. Nc3 e5 12. dxe5 dxe5 13. Nb5 Qxd1 14. Rxd1
Be6 15. Nc7 Rad8 16. Raa1 Rxd1+ 17. Rxd1 Re7 18. Nxe5 Rxc7 19. Bxc6 g6 20. Bf3
Rc5 21. Nd3 Rxc4 22. Bxb7 Rc2 23. Bf3 g5 24. Rc1 Rxc1+ 25. Nxc1 Kf8 26. Kf1 Ke7
27. Ke1 Kd7 28. Kd2 h5 29. Nd3 Bd5 30. Ke3 Bxf3 31. Kxf3 Ke6 32. e4 Nd7 33. h4
Kf6 34. Ke3 Nf8 35. f4 gxh4 36. gxh4 Ng6 37. f5 Nxh4 38. Kf4 Ng2+ 39. Kf3 Nh4+
40. Kg3 Nxf5+ 41. exf5 Kxf5 42. Kf3 h4 43. Ke3 h3 44. Kf3 h2 45. Nf2 Ke6 46.
Kg2 Kd5 47. Kxh2 Kc4 48. Kg3 Kb3 49. Nd3 Kc2 50. Ne5 Kxb2 51. Nxf7 a5 52. Nd6
a4 53. Nb5 Kb3 54. Kf3 Kb4 55. Nd4 a3 56. Nc2+ Kb3 57. Nxa3 Kxa3 1/2-1/2

[Event "First Saturday IM May 2014"]
[Site "Budapest"]
[Date "2014.05.11"]
[Round "9.1"]
[White "Szeberenyi, Adam"]
[Black "Chakravarthi, Y.V.K."]
[Result "1/2-1/2"]
[WhiteElo "2332"]
[BlackElo "2147"]
[PlyCount "81"]
[EventDate "2014.05.03"]

1. d4 d5 2. c4 c6 3. Nc3 Nf6 4. e3 a6 5. Qc2 g6 6. Bd3 Bg7 7. Nf3 O-O 8. O-O b5
9. b3 Bb7 10. Bb2 Nbd7 11. Rfd1 Rc8 12. Qe2 Re8 13. Ne5 Nf8 14. cxd5 cxd5 15.
a4 b4 16. Na2 Qd6 17. a5 Rb8 18. Qd2 Ba8 19. Qe2 Bb7 20. Qd2 Ba8 21. Rdc1 N6d7
22. Nxd7 Nxd7 23. Qc2 e5 24. Qc7 Re6 25. Qxd6 Rxd6 26. Nxb4 exd4 27. Nxa6 Rxb3
28. Rc8+ Nf8 29. Ba3 Rxa3 30. Rxa3 Bb7 31. Rb8 Bxa6 32. Rb6 Rxb6 33. axb6 Bxd3
34. b7 Be5 35. exd4 Bd6 36. Rxd3 f5 37. Rb3 Nd7 38. b8=Q+ Nxb8 39. Rb6 Bc7 40.
Rb7 Bd6 41. Rb6 1/2-1/2

[Event "First Saturday IM May 2014"]
[Site "Budapest"]
[Date "2014.05.11"]
[Round "9.2"]
[White "Atabayev, Saparmyrat"]
[Black "Fang, Yuxiang"]
[Result "1/2-1/2"]
[WhiteElo "2273"]
[BlackElo "2348"]
[PlyCount "81"]
[EventDate "2014.05.03"]

1. e4 e6 2. d4 d5 3. Nd2 Nf6 4. e5 Nfd7 5. Bd3 c5 6. c3 b6 7. Ne2 Ba6 8. Bxa6
Nxa6 9. O-O Be7 10. Ng3 Nc7 11. f4 g6 12. Rf3 Qc8 13. Ndf1 Qa6 14. a4 O-O-O 15.
dxc5 Nxc5 16. Be3 Kb7 17. b4 Ne4 18. Qc2 Qc4 19. Bd4 Nxg3 20. Rxg3 Na6 21. Nd2
Qc7 22. Qd3 Qd7 23. Rf3 Rc8 24. Rff1 Rc7 25. Rfb1 Rhc8 26. Qe3 Nb8 27. a5 b5
28. Nb3 Na6 29. Ra2 h5 30. Rf2 Ka8 31. g3 Rc4 32. Nd2 R4c7 33. Qd3 Nb8 34. Nb3
Na6 35. Kg2 Rc4 36. Nd2 R4c7 37. h3 Rh8 38. Rh1 Rcc8 39. Kf1 Qc6 40. Rhh2 Nb8
41. g4 1/2-1/2

[Event "First Saturday IM May 2014"]
[Site "Budapest"]
[Date "2014.05.11"]
[Round "9.3"]
[White "Mathe, Gaspar"]
[Black "Annageldyev, Orazly"]
[Result "0-1"]
[WhiteElo "2352"]
[BlackElo "2374"]
[PlyCount "56"]
[EventDate "2014.05.03"]

1. d4 Nf6 2. Nf3 c5 3. d5 b5 4. a4 b4 5. c4 g6 6. b3 Bg7 7. Bb2 O-O 8. Nbd2 e6
9. e4 exd5 10. e5 Ng4 11. cxd5 d6 12. h3 Nxe5 13. Nxe5 dxe5 14. Bc4 Nd7 15. O-O
Nb6 16. Re1 Bb7 17. Bxe5 Nxd5 18. Qf3 Bxe5 19. Rxe5 Nb6 20. Qxb7 Qxd2 21. Bb5
Qc3 22. Rae1 Qxb3 23. R1e3 Qd1+ 24. Re1 Qd4 25. R1e4 Qd6 26. a5 b3 27. axb6 b2
28. Re1 Qxe5 0-1

[Event "First Saturday IM May 2014"]
[Site "Budapest"]
[Date "2014.05.11"]
[Round "9.4"]
[White "Keschitz, Gyorgy"]
[Black "Al-Ali, Hussein Ali Hussein"]
[Result "0-1"]
[WhiteElo "2280"]
[BlackElo "2259"]
[PlyCount "98"]
[EventDate "2014.05.03"]

1. Nf3 Nf6 2. g3 d5 3. Bg2 Bf5 4. c4 dxc4 5. b3 c3 6. Nxc3 e6 7. Nh4 c6 8. Nxf5
exf5 9. Bb2 Be7 10. O-O O-O 11. Qc2 Na6 12. Rad1 Qd7 13. d3 Rad8 14. e4 Nb4 15.
Qb1 fxe4 16. dxe4 Qe6 17. a3 Na6 18. Qc2 Rxd1 19. Rxd1 Rd8 20. Rxd8+ Bxd8 21.
Ne2 Qd7 22. h3 Nc7 23. Kh2 Ne6 24. f4 h5 25. f5 Nf8 26. e5 Nd5 27. Qe4 h4 28.
gxh4 Bc7 29. Kh1 Ne7 30. Nd4 c5 31. f6 cxd4 32. fxe7 Ne6 33. Qxb7 Qxe7 34. Qxa7
Qxh4 35. Qa8+ Bd8 36. Qe4 Qf2 37. Bc1 g6 38. b4 Bc7 39. a4 Qg3 40. Bd2 Bxe5 41.
Kg1 Bf4 42. Be1 Be3+ 43. Kf1 Qh2 44. Bf2 Bxf2 45. Kxf2 Nf4 46. a5 Nxh3+ 47. Ke1
Qg3+ 48. Kd2 Qc3+ 49. Ke2 d3+ 0-1

[Event "First Saturday IM May 2014"]
[Site "Budapest"]
[Date "2014.05.11"]
[Round "9.5"]
[White "Nguyen, Thi Mai Hung"]
[Black "Farkas, Richard"]
[Result "1/2-1/2"]
[WhiteElo "2316"]
[BlackElo "2260"]
[PlyCount "82"]
[EventDate "2014.05.03"]

1. d4 Nf6 2. Nf3 d5 3. e3 e6 4. Bd3 c5 5. b3 Nc6 6. O-O Bd6 7. Bb2 O-O 8. Nbd2
b6 9. Ne5 Bb7 10. a3 Rc8 11. f4 Ne7 12. Qe2 Ne4 13. c4 cxd4 14. exd4 f6 15.
Nef3 f5 16. Ne5 Nc6 17. Ndf3 Na5 18. b4 Nxc4 19. Nxc4 dxc4 20. Bxc4 Bd5 21. Ba6
Rc7 22. Ne5 Bxe5 23. dxe5 Qh4 24. Rac1 Rxc1 25. Bxc1 Rd8 26. Be3 g6 27. Rc1 Qe7
28. Qb2 Bb7 29. Bf1 Qd7 30. Qb3 Kf7 31. Qa2 Rc8 32. Qb2 Rxc1 33. Qxc1 Qc6 34.
Qxc6 Bxc6 35. g3 Ke7 36. Bd3 Kd7 37. Kf1 Nc3 38. Ke1 Kc7 39. Bd4 Ne4 40. Ke2
Bd5 41. Ke3 Kc6 1/2-1/2

[Event "First Saturday IM May 2014"]
[Site "Budapest"]
[Date "2014.05.12"]
[Round "10.1"]
[White "Chakravarthi, Y.V.K."]
[Black "Szalanczy, Emil"]
[Result "1/2-1/2"]
[WhiteElo "2147"]
[BlackElo "2266"]
[PlyCount "115"]
[EventDate "2014.05.03"]

1. d4 c5 2. e3 Nf6 3. Nf3 g6 4. dxc5 Qa5+ 5. Nbd2 Bg7 6. c4 O-O 7. Be2 Na6 8.
O-O Nxc5 9. a3 Qc7 10. Nd4 d6 11. b4 Ne6 12. Bb2 Bd7 13. Qb3 Rfc8 14. Rfc1 Qd8
15. Bf3 Rab8 16. g3 a6 17. Ne2 h5 18. Nc3 Ng5 19. Bg2 e5 20. h4 Nh3+ 21. Kf1 b5
22. Ne2 Be6 23. Qd3 Qb6 24. c5 dxc5 25. Bxe5 Nxf2 26. Qd6 N2g4 27. Qxb6 Rxb6
28. bxc5 Rxc5 29. Rxc5 Nxe5 30. Nd4 Nfg4 31. Re1 Nd3 32. Nxe6 Rxe6 33. Rc8+ Kh7
34. Ne4 Bh6 35. Re2 Nxe3+ 36. Rxe3 Bxe3 37. Ke2 Nc5 38. Kxe3 Nxe4 39. Bxe4 f5
40. Kf4 fxe4 41. Rc7+ Kh6 42. Ke3 g5 43. Rc5 g4 44. Rf5 Rb6 45. Kxe4 b4 46.
axb4 Rxb4+ 47. Ke3 Rb3+ 48. Ke2 Ra3 49. Rc5 a5 50. Kf2 a4 51. Ra5 Ra2+ 52. Ke3
a3 53. Ra6+ Kg7 54. Kf4 Rf2+ 55. Kg5 Rf3 56. Ra7+ Kf8 57. Kxh5 Rxg3 58. Kg5
1/2-1/2

[Event "First Saturday IM May 2014"]
[Site "Budapest"]
[Date "2014.05.12"]
[Round "10.3"]
[White "Al-Ali, Hussein Ali Hussein"]
[Black "Nguyen, Thi Mai Hung"]
[Result "1/2-1/2"]
[WhiteElo "2259"]
[BlackElo "2316"]
[PlyCount "85"]
[EventDate "2014.05.03"]

1. e4 e6 2. d4 d5 3. exd5 exd5 4. Nf3 Bd6 5. Bd3 Nc6 6. O-O Bg4 7. c3 Nge7 8.
Nbd2 O-O 9. Qc2 h6 10. h3 Be6 11. Re1 Qc8 12. b4 a6 13. Bb2 Bf5 14. Ne5 Bxd3
15. Qxd3 f6 16. Nxc6 Nxc6 17. Nf3 Qd7 18. Re2 Rfe8 19. Rae1 Re7 20. Rxe7 Nxe7
21. Nh4 g5 22. Nf3 Qf5 23. Qe2 Ng6 24. Bc1 Kf7 25. Bd2 Qd7 26. h4 gxh4 27. Bxh6
Rh8 28. Bd2 Qf5 29. Kh1 Ne7 30. Ne5+ fxe5 31. dxe5 Bxb4 32. e6+ Ke8 33. cxb4
Rg8 34. Qf3 h3 35. Qxh3 Qxf2 36. Qh5+ Kd8 37. Re2 Qf6 38. Qe5 Qxe5 39. Rxe5 c6
40. Bg5 Ke8 41. Kh2 Ng6 42. Rf5 Ne7 43. Re5 1/2-1/2

[Event "First Saturday IM May 2014"]
[Site "Budapest"]
[Date "2014.05.12"]
[Round "10.4"]
[White "Annageldyev, Orazly"]
[Black "Keschitz, Gyorgy"]
[Result "1-0"]
[WhiteElo "2374"]
[BlackElo "2280"]
[PlyCount "73"]
[EventDate "2014.05.03"]

1. e4 c5 2. Nf3 Nc6 3. Bb5 g6 4. O-O Bg7 5. Nc3 Nf6 6. Bxc6 dxc6 7. h3 O-O 8.
d3 Ne8 9. Be3 b6 10. Qd2 Nc7 11. Bh6 Ne6 12. Bxg7 Kxg7 13. Nh2 c4 14. f4 cxd3
15. cxd3 Ba6 16. f5 Nc5 17. Ng4 Kh8 18. f6 e5 19. Qh6 Rg8 20. Kh1 Nxd3 21. Rad1
Qc7 22. Qd2 Rad8 23. Nh6 Rge8 24. Qc2 Rd4 25. Nd5 Rxd5 26. exd5 Nb4 27. d6 Qd7
28. Qb3 Nd5 29. Rxd5 cxd5 30. Qxd5 Bxf1 31. Nxf7+ Kg8 32. Nxe5+ Qe6 33. f7+ Kg7
34. fxe8=N+ Qxe8 35. d7 Qd8 36. Qf7+ Kh6 37. Qxf1 1-0

[Event "First Saturday IM May 2014"]
[Site "Budapest"]
[Date "2014.05.12"]
[Round "10.5"]
[White "Fang, Yuxiang"]
[Black "Mathe, Gaspar"]
[Result "1-0"]
[WhiteElo "2348"]
[BlackElo "2352"]
[PlyCount "83"]
[EventDate "2014.05.03"]

1. Nf3 c5 2. c4 Nc6 3. Nc3 g6 4. e3 Nf6 5. d4 d6 6. d5 Ne5 7. Nxe5 dxe5 8. e4
Bg7 9. Be3 Qa5 10. Bd3 O-O 11. O-O Bd7 12. a3 Rfc8 13. Qc2 Ng4 14. Bd2 h5 15.
h3 Nh6 16. b4 Qc7 17. Be3 b6 18. bxc5 bxc5 19. Rab1 f6 20. Nb5 Qd8 21. d6 Nf7
22. Nc7 Rab8 23. Rxb8 Rxb8 24. Na6 Rc8 25. Nxc5 exd6 26. Nxd7 Qxd7 27. Rb1 Bh6
28. Bxh6 Nxh6 29. Qb3 Nf7 30. Qb7 Rc7 31. Qa8+ Rc8 32. Rb7 Rxa8 33. Rxd7 a5 34.
c5 dxc5 35. Bc4 Rf8 36. g4 hxg4 37. hxg4 Kg7 38. Kf1 g5 39. Ke2 Kg6 40. Bxf7+
Rxf7 41. Rxf7 Kxf7 42. Kd3 1-0

[Event "First Saturday IM May 2014"]
[Site "Budapest"]
[Date "2014.05.12"]
[Round "10.6"]
[White "Szeberenyi, Adam"]
[Black "Atabayev, Saparmyrat"]
[Result "0-1"]
[WhiteElo "2332"]
[BlackElo "2273"]
[PlyCount "98"]
[EventDate "2014.05.03"]

1. d4 Nf6 2. c4 g6 3. Nc3 Bg7 4. Nf3 O-O 5. Bg5 h6 6. Bh4 d6 7. e3 Nbd7 8. Be2
e5 9. O-O c6 10. Qc2 Qe7 11. Rad1 Re8 12. dxe5 dxe5 13. Nd2 Nf8 14. Nde4 g5 15.
Nxf6+ Qxf6 16. Bg3 Qe6 17. Ne4 Qg6 18. Rd6 Re6 19. Rd8 f5 20. Nc5 Re8 21. Rxe8
Qxe8 22. f3 Qe7 23. Nb3 Be6 24. Rd1 a5 25. a4 Nd7 26. Qd2 Qb4 27. Qc2 Qxa4 28.
Ra1 Qb4 29. Be1 Qb6 30. Rxa5 Rxa5 31. Nxa5 e4 32. Qb3 Qxb3 33. Nxb3 Bxb2 34.
fxe4 fxe4 35. Nd4 Bf7 36. Nf5 Kf8 37. Nxh6 Be6 38. Ng4 Nb6 39. Nf2 Bxc4 40.
Bxc4 Nxc4 41. Nxe4 Bc1 42. Bf2 b5 43. Nxg5 b4 44. Ne6+ Ke7 45. Nd4 Na5 46. Ne2
Bd2 47. Bh4+ Kf7 48. Ng3 Be1 49. Nf5 b3 0-1